000 00880cam a2200277 4500
001 M1690
008 090401t1995 xxu||||| |||| 00| 0 eng d
035 _a(Sirsi) u33763
041 _aeng
050 _a614.7026
090 _aRICS 1995/10ABCD
110 _aRoyal Institution of Chartered Surveyors
_94900
245 4 _aThe financial implications of the implementation of Part II of the Environmental Protection Act 1990.
260 _aLondon
_bRICS
_c1995
300 _a(3)p. ; 30cm.
350 _a0
490 _aInformation Paper
_v3
520 _aProduced by the Waste Management Skills Panel.
650 _aENVIRONMENTAL PROTECTION ACT 1990 PART II
650 _aFINANCIAL IMPLICATIONS
650 _aWASTE MANAGEMENT LICENCES
650 _aWASTE MANAGEMENT SKILLS PANEL
690 _aENVIRONMENTAL AND LAND CONSULTANCY
942 _n0
948 _c04/03/1997
999 _c89846
_d89846